Nezhoda noriem je vážnou technickou prekážkou obchodu k problematike používania štátneho jazyka v technickej normalizácii
Povinnosti z oblasti normalizácie, vyplývajúce pre každú krajinu pri vstupe do Európskej únie. Princípy zaraďovania európskych noriem do normalizačnej sústavy danej krajiny. Výdavky potrebné na tento proces. Jazyk technických noriem. Európske normy v anglickom origináli.
Guardado en:
| Autor principal: | |
|---|---|
| Otros Autores: | |
| Formato: | Capítulo de libro |
| Lenguaje: | eslovaco |
| Materias: | |
| Etiquetas: |
Sin Etiquetas, Sea el primero en etiquetar este registro!
|
MARC
| LEADER | 00000naa a2200000 4500 | ||
|---|---|---|---|
| 001 | r035106 | ||
| 005 | 20230824101245.8 | ||
| 041 | 0 | |a slo | |
| 044 | |a SK | ||
| 245 | 1 | 0 | |a Nezhoda noriem je vážnou technickou prekážkou obchodu |b k problematike používania štátneho jazyka v technickej normalizácii |c Mikuláš Sabo, Kvetoslava Steinlová |
| 520 | |a Povinnosti z oblasti normalizácie, vyplývajúce pre každú krajinu pri vstupe do Európskej únie. Princípy zaraďovania európskych noriem do normalizačnej sústavy danej krajiny. Výdavky potrebné na tento proces. Jazyk technických noriem. Európske normy v anglickom origináli. | ||
| 610 | 2 | 0 | |a normalizácia |
| 610 | 2 | 0 | |a normy technické |
| 610 | 2 | 0 | |a normy medzinárodné |
| 610 | 2 | 0 | |a jazyk štátny |
| 610 | 2 | 0 | |a jazyky cudzie |
| 610 | 2 | 0 | |a slovenčina |
| 610 | 2 | 0 | |a angličtina |
| 610 | 2 | 0 | |a normalizácia technická |
| 610 | 2 | 0 | |a výdavky |
| 610 | 2 | 0 | |a Európska únia |
| 100 | 1 | |a Sabo, Mikuláš | |
| 700 | 1 | |a Steinlová, Kvetoslava | |